00677nam a2200229 a 4500001001300000003000900013005001700022008004100039020001000080082001800090100002200108245003700130260004400167300000900211500003500220650001900255700002200274902000800296942000700304952011900311999001700430nice12345678IN_TiNIC20260116013251.0070829s1983 newa grp 000 0 eng  ac60000a750.0954bKRA aKramrisch, Stella aSurvey of Painting in the Deccan aNew DelhibOriental Books Reprintc1983 a234p aincludes index and biblioraphy aPainting-India1 aKramrisch, Stella bSRS cBK 001040708StackRoom-aHMIbHMId2007-08-29g600.00l0o750.0954 KRAp018192r2007-08-29v600.00w2007-08-29yBK c10323d10323